Statistics for Escape the Night Season 3 Quiz!

Click here to take the quiz!

General Stats

  • This quiz has been taken 687 times
  • The average score is 9 of 10

Answer Stats

QuestionAnswer% Correct
Who was revived and given a second chance to escape the night?MatPat
98%
Who got last at the race and been stabbed by the 3 witches?Rosanna
98%
Who won the arm wrestling tournament?Manny
97%
Nikita killed ____ in episode 9...Manny
97%
Who was the person voted and dies inside the iron maiden?Colleen
96%
In the first episode who were the two people stuck at the ferris wheel?Rosanna, MatPat
96%
Who are the two people who was sent in the challenge at episode 4?Rosanna and Teala
91%
Who was the person that didn't get cursed by the witches?Nikita
88%
Did someone died on the first episode?No
88%
Who died on episode 3?Roi
81%

Score Distribution

Percentile by Number Answered

Percent of People with Each Score

Your Score History

You have not taken this quiz